Score 0/15 Timer 06:00
0 Plays Today
% Correct
Association Football
99.9%
Basketball
97.9%
Tennis
97.3%
Ice Hockey
96.6%
Baseball
96.6%
American Football
96.2%
Boxing
95.9%
Swimming
95.2%
% Correct
Golf
93.1%
Horse Racing
92.6%
Skydiving
91.8%
Skiing
91.6%
Racing
81.9%
Cricket
71.2%
Running
66.7%
Remove Ads.
Support Sporcle.
Get the best of Sporcle when you Go Orange. This ad-free experience offers more features, more stats, and more fun while also helping to support Sporcle. Thank you for becoming a member.

You're not logged in!

Compare scores with friends on all Sporcle quizzes.
OR
Log In

Show Comments

Extras

Top Quizzes Today


Score Distribution

Your Account Isn't Verified!

In order to create a playlist on Sporcle, you need to verify the email address you used during registration. Go to your Sporcle Settings to finish the process.

Report this User

Report this user for behavior that violates our Community Guidelines.

Details: